Výzkum míchání a míchacích zařízení na Strojní fakultě ČVUT

Bibliographic Details
Main Author: Rieger, František, 1942- (Author)
Format: Article
Language:Czech
ISBN:8022712590

MARC

LEADER 00000naa a2200000uu 4500
001 vtls010947383
003 SK-MaSNL
005 20260302140146.0
008 220810|1999 xo |||||||||||||||||cze|
015 |a SNBRA 
035 |a (urnnbn)urn:nbn:sk:snk:ar-a0bgtm 
035 |a (uuid)ccc8ffd2-2f2c-407c-bad8-6b6c62fd96ed 
035 |a urn:nbn:sk:snk-aau8xn 
040 |a SNKBUCL  |b slo  |c SNKBUCL  |e AACR2 
041 0 |a cze 
044 |a xo  |c SK 
100 1 |a Rieger, František,  |d 1942-  |4 aut  |9 233351 
245 1 0 |a Výzkum míchání a míchacích zařízení na Strojní fakultě ČVUT  |c František Rieger 
773 0 |t Strojné inžinierstvo '99  |d V Bratislave : Slovenská technická univerzita, 1999  |g S. 413-418  |z 8022712590 
954 |a odborná, vedecká literatúra cudzojazyčná (svetová)  |2 lita 
958 |a OND 
958 |a article11 
958 |a chapter 
999 |c 1329521  |d 1331451